000 00970nam a2200229Ia 4500
001 19439
003 GE_BSU
008 181216s||||||||xx |||||||||||||| ||und||
020 _aISSN 0134-9899
040 _cGE_BSU
080 _a811.353(058)
245 _aიბერიულ-კავკასიური ენათმეცნიერების წელიწდეული : Ежегодник Иберийско-Кавказского Языкознания : ANNUAL Of Ibero-Caucasian Linguistics IX
245 _cსარედ. კოლ. ვ. აბაევი. და სხვ.რედ:ა.ჩიქობავა
260 _aთბილისი
260 _bმეცნიერება
260 _c1982
300 _a389გვ.26სმ.
541 _h7ლ.
653 _aენათმეცნიერება
653 _aიბერიულ-კავკასიური წელიწდეული
942 _cBK
999 _c52418
_d52418